01656nam a22003974a 4500001001100000003000800011006001900019007001500038008004100053010001700094020001500111020002200126040002100148035002100169050002800190082002200218100001700240245012800257260005000385300002200435504006600457533015200523650004700675650005600722650004200778650005100820650004000871650004900911650003900960650004800999655002901047700002501076710001701101856012501118999001501243ebr5002094CaPaEBRm u cr cn|||||||||000417s2000 enka sb 001 0 eng  z 00032302  z0415230969 z0415230977 (pbk.) aCaPaEBRcCaPaEBR a(OCoLC)55912516614aLB2806.22b.M345 2000eb04a379.1/58/09412211 aMahony, Pat.10aReconstructing teachingh[electronic resource] :bstandards, performance, and accountability /cPat Mahony and Ian Hextall. aLondon ;aNew York :bRoutledgeFalmer,c2000. ax, 181 p. :bill. aIncludes bibliographical references (p. [163]-174) and index. aElectronic reproduction.bPalo Alto, Calif. :cebrary,d2013.nAvailable via World Wide Web.nAccess may be limited to ebrary affiliated libraries. 0aEducational accountabilityzGreat Britain. 0aEducational accountabilityvCross-cultural studies. 0aTeachersxTraining ofzGreat Britain. 0aTeachersxTraining ofvCross-cultural studies. 0aEducation and statezGreat Britain. 0aEducation and statevCross-cultural studies. 0aEducational changezGreat Britain. 0aEducational changevCross-cultural studies. 7aElectronic books.2local1 aHextall, Ian,d1941-2 aebrary, Inc.40uhttp://site.ebrary.com/lib/rucke/Doc?id=5002094zAn electronic book accessible through the World Wide Web; click to view c1359d1359